000 00535nam a22001577a 4500
999 _c534826
_d534826
020 _qHard Cover.
082 _a629.04
100 _akhan, Jamal Ahmed
245 _aPerformance evaluation of aggregate gradations adjusted through the bailey method /
_cJamal Ahmed Khan.
260 _aIslamabad:
_bNIT - NUST,
_c2015.
300 _a106 p. :
_bill. ;
_c30cm.
942 _2ddc
_cTHE
650 _aTransportation Engineering MS-Thesis.
_916276
700 _aDr. Sarfraz Ahmed
_929043